000
00285nam a2200121Ia 4500
008
220204s9999 xx 000 0 und d
082
_a
025.3
_b
AKE
100
_a
Akers, Susan Grey
245
0
_a
Simple library catloging
250
_a
Ed.4
260
_a
Chicago
_b
ALA
_c
1954
942
_c
BK
999
_c
20401
_d
20401